Statistics for Rostliny podle obrázků

Click here to take the quiz!

General Stats

  • This quiz has been taken 143 times
  • The average score is 13 of 16

Answer Stats

Answer% Correct
slunečnice
99%
tulipán
98%
jírovec maďal
95%
ječmen setý
94%
vrba
93%
kopřivy
92%
srstka angrešt
91%
zvonek český
90%
ostružiník
88%
konvalinka vonná
85%
heřmánek pravý
81%
chrpa polní
68%
jitrocel kopinatý
67%
vraní oko čtyřlisté
67%
mateřídouška obecná
35%
mochna husí
21%

Score Distribution

Percentile by Number Answered

Percent of People with Each Score

Your Score History

You have not taken this quiz